Advances in agronomy V54 (Record no. 40862)

MARC details
000 -LEADER
fixed length control field 00388nam a2200145Ia 4500
082 ## - DEWEY DECIMAL CLASSIFICATION NUMBER
Classification number 631/635
Item number ADV.54
245 #0 - TITLE STATEMENT
Title Advances in agronomy V54
260 ## - PUBLICATION, DISTRIBUTION, ETC. (IMPRINT)
Place of publication New York
Name of publisher Academic press
Year of publication 1995
650 ## - SUBJECT ADDED ENTRY--TOPICAL TERM
Topical Term Herbicide resistant crops
650 ## - SUBJECT ADDED ENTRY--TOPICAL TERM
Topical Term Lentil breeding
650 ## - SUBJECT ADDED ENTRY--TOPICAL TERM
Topical Term Microbial ecology
700 ## - ADDED ENTRY--PERSONAL NAME
Personal name Sparks, Donald L
942 ## - ADDED ENTRY ELEMENTS (KOHA)
Koha item type Books
Holdings
Withdrawn status Lost status Damaged status Not for loan Home library Current library Date acquired Cost, normal purchase price Full call number Accession Number Koha item type
        RRII Library RRII Library 16/12/2021 89.00 631/635 ADV.54 21156 Books